Normal view MARC view
  • Aragón Wilson, Amairani Isabel

Entry Nombre Personal

Number of records used in: 1

001 - NUMERO DE CONTROL

  • campo de control: 59429

003 - IDENTIFICADOR DE NUMERO DE CONTROL

  • campo de control: UPN

005 - FECHA Y HORA DE LA ÜLTIMA TRANSACCIÓN

  • campo de control: 20260429095646.0

008 - DATOS DE LONGITUD FIJA

  • campo de control de longitud fija: 260429|| acz||aabn | a|a d

040 ## - FUENTE DE CATALOGACIÓN

  • Agencia original de catalogación: MX-MxUPN

100 1# - ENCABEZAMIENTO - NOMBRE PERSONAL

  • Nombre personal: Aragón Wilson, Amairani Isabel

370 ## - LUGAR ASOCIADO

  • Place of birth: México

371 ## - DIRECCIÓN

  • Electronic mail address: mayra_emp@hotmail.com

372 ## - CAMPO DE ACTIVIDAD

  • Field of activity: Educación

373 ## - GRUPO ASOCIADO

  • Associated group: Instituto Tecnológico de Sonora

670 ## - FUENTE EN LA QUE SE LOCALIZARON DATOS

  • Cita de la fuente: En recurso en línea: Innovación educativa (México), Vol. 26 no. 100, (2026):
  • Información localizada: página 10 ( Amairani Isabel Aragón Wilson)
  • Uniform Resource Identifier: https://www.ipn.mx/assets/files/innovacion/docs/Docencia-politecnica/Docencia-politecnica-26/validación-de-una-escala-de-alfabetización-(-p10-28)1-(1).pdf

902 ## - CATALOGADOR

  • Catalogador: RGJD/290426